5HLuxD.jpg

KING HENRY VIII SENIOR AND PRIMARY SCHOOL LIBRARY OPAC

Fight through cartoons : (Record no. 1035)

000 -LEADER
fixed length control field 01228nam a2200385 i 4500
001 - CONTROL NUMBER
control field 019450768
003 - CONTROL NUMBER IDENTIFIER
control field Uk
005 - DATE AND TIME OF LATEST TRANSACTION
control field 20200317100511.0
008 - FIXED-LENGTH DATA ELEMENTS--GENERAL INFORMATION
fixed length control field 190426s2019 si a 000 0aeng
010 ## - LIBRARY OF CONGRESS CONTROL NUMBER
LC control number 2019353376
015 ## - NATIONAL BIBLIOGRAPHY NUMBER
National bibliography number GBC008089
Source bnb
016 7# - NATIONAL BIBLIOGRAPHIC AGENCY CONTROL NUMBER
Record control number 019450768
Source Uk
020 ## - INTERNATIONAL STANDARD BOOK NUMBER
International Standard Book Number 9789814841221
Qualifying information paperback
020 ## - INTERNATIONAL STANDARD BOOK NUMBER
International Standard Book Number 9814841226
Qualifying information paperback
040 ## - CATALOGING SOURCE
Original cataloging agency DLC
Language of cataloging eng
Transcribing agency DLC
Modifying agency Uk
Description conventions rda
042 ## - AUTHENTICATION CODE
Authentication code ukblcatcopy
043 ## - GEOGRAPHIC AREA CODE
Geographic area code a-my---
082 04 - DEWEY DECIMAL CLASSIFICATION NUMBER
Classification number 320 ZUN
Edition number 23
100 0# - MAIN ENTRY--PERSONAL NAME
Personal name Zunar,
Relator term author.
245 10 - TITLE STATEMENT
Title Fight through cartoons :
Remainder of title my story of harassment, intimidation & jail /
Statement of responsibility, etc. Zunar ; assisted by Sukhbir Cheema [co-author].
264 #1 - PRODUCTION, PUBLICATION, DISTRIBUTION, MANUFACTURE, AND COPYRIGHT NOTICE
Place of production, publication, distribution, manufacture Singapore :
Name of producer, publisher, distributor, manufacturer Marshall Cavendish Editions,
Date of production, publication, distribution, manufacture, or copyright notice [2019]
264 #4 - PRODUCTION, PUBLICATION, DISTRIBUTION, MANUFACTURE, AND COPYRIGHT NOTICE
Date of production, publication, distribution, manufacture, or copyright notice ©2019
300 ## - PHYSICAL DESCRIPTION
Extent 253 pages :
Other physical details illustrations ;
Dimensions 23 cm
336 ## - CONTENT TYPE
Content type term text
Content type code txt
Source rdacontent
337 ## - MEDIA TYPE
Media type term unmediated
Media type code n
Source rdamedia
338 ## - CARRIER TYPE
Carrier type term volume
Carrier type code nc
Source rdacarrier
500 ## - GENERAL NOTE
General note Signed copy.
546 ## - LANGUAGE NOTE
Language note In English.
600 00 - SUBJECT ADDED ENTRY--PERSONAL NAME
Personal name Zunar.
650 #0 - SUBJECT ADDED ENTRY--TOPICAL TERM
Topical term or geographic name entry element Cartoonists
Geographic subdivision Malaysia
Form subdivision Biography.
650 #0 - SUBJECT ADDED ENTRY--TOPICAL TERM
Topical term or geographic name entry element Malaysian wit and humor, Pictorial.
651 #0 - SUBJECT ADDED ENTRY--GEOGRAPHIC NAME
Geographic name Malaysia
General subdivision Politics and government
Chronological subdivision 21st century
Form subdivision Caricatures and cartoons.
700 1# - ADDED ENTRY--PERSONAL NAME
Personal name Cheema, Sukhbir,
Relator term author.
942 ## - ADDED ENTRY ELEMENTS (KOHA)
Source of classification or shelving scheme
Koha item type Books - Non Ficton
Holdings
Withdrawn status Lost status Source of classification or shelving scheme Damaged status Not for loan Collection code Permanent Location Current Location Shelving location Date acquired Full call number Barcode Date last seen Price effective from Koha item type
          Non-Fiction KH8 Senior School Library KH8 Senior School Library Non Fiction 2020-03-16 320 ZUN 3KHSL000101778 2020-03-16 2020-03-16 Books - Non Ficton

Powered By KH8 IT Dept